| 000 | 00576nam a2200181 a 4500 | ||
|---|---|---|---|
| 001 | 000040532 | ||
| 005 | 20201002034208.0 | ||
| 008 | 130830s2001 sp 000 0 spa d | ||
| 020 | _a9788478844623 | ||
| 040 |
_aDO-SdBNP _bspa _cBNPHU |
||
| 245 | 0 | 3 |
_aLa Bolivia de Evo : _b¿Democrática, indianista y socialista? / _ccoordinador Francois Polet...[et.al]. |
| 260 |
_aMadrid : _bEditora Popular, _c2001. |
||
| 300 |
_a243 p. ; _c23 cm. |
||
| 490 | 1 | _aO a la izquierda | |
| 504 | _aBibliografía | ||
| 700 | 1 |
_aPolet, Fancois _ecoor. _966835 |
|
| 830 | 0 |
_aO a la izquierda _966836 |
|
| 999 |
_c40022 _d40022 |
||